[Event "Creon op 17th"]
[Site "Creon"]
[Date "2012.07.31"]
[Round "3"]
[White "Louis, Thibault"]
[Black "Centomo, Jean Luis"]
[Result "1-0"]
[WhiteElo "2151"]
[BlackElo "1778"]
[PlyCount "85"]
[EventDate "2012.07.30"]
[EventType "swiss"]
[EventRounds "9"]
[EventCountry "FRA"]
[SourceTitle "CBM 149 Extra"]
[Source "ChessBase"]
[SourceDate "2012.08.24"]
[SourceVersion "1"]
[SourceVersionDate "2012.08.24"]
[SourceQuality "1"]

1. e4 c5 2. Nc3 e6 3. Nf3 Nc6 4. d4 cxd4 5. Nxd4 Qc7 6. Be3 a6 7. Qd2 Nf6 8. 0-0-0 Bb4 9. f3 Qa5 10. Nb3 Bxc3 11. Qxc3 Qxc3 12. bxc3 0-0 13. c4 d5 14. exd5 exd5 15. cxd5 Ne7 16. Bc5 Nfxd5 17. c4 b6 18. Ba3 Bf5 19. Rxd5 Nxd5 20. Bxf8 Kxf8 21. cxd5 Rc8+ 22. Kd1 Rd8 23. g4 Rxd5+ 24. Kc1 Bc8 25. Bc4 Rd6 26. Kb2 Bb7 27. Kc3 b5 28. Be2 Rc6+ 29. Kd3 b4 30. Rc1 Rd6+ 31. Nd4 a5 32. Ke3 g5 33. Rc7 Bd5 34. Bc4 Bxc4 35. Rxc4 Rb6 36. Rc6 Rxc6 37. Nxc6 Ke8 38. Nxa5 Kd7 39. Kd4 Kd6 40. f4 h6 41. Nb7+ Kc6 42. Nc5 Kc7 43. Nd3 1-0